-
GONZALEZ,RAFAEL C AND WOODS , RICHARD E.
Entry Personal Name
Number of records used in: 1
001 - CONTROL NUMBER
003 - CONTROL NUMBER IDENTIFIER
005 - DATE AND TIME OF LATEST TRANSACTION
- control field:
20180208130005.0
008 - FIXED-LENGTH DATA ELEMENTS
- fixed length control field:
180208|| aca||aabn | a|a d
040 ## - CATALOGING SOURCE
- Original cataloging agency:
OSt
- Transcribing agency:
OSt
100 ## - HEADING--PERSONAL NAME
- Personal name:
GONZALEZ,RAFAEL C AND WOODS , RICHARD E.
670 ## - SOURCE DATA FOUND
- Source citation:
Work cat.: (OSt)5225: GONZALEZ,RAFAEL C AND WOODS , RICHARD E., DIGITAL IMAGE PROCESSING, 2016